Sweden World Cup Squad 2026 - Statistics

General Stats
  • This quiz has been taken 2 times
  • The average score is 20 of 25
Answer Stats
Club Position Player % Correct
Liverpool FW Alexander Isak
100%
Newcastle United FW Anthony Elanga
100%
Celtic MF Benjamin Nygren
100%
Celta Vigo DE Carl Starfelt
100%
Borussia Dortmund DE Daniel Svensson
100%
Leeds United DE Gabriel Gudmundsson
100%
Burnley DE Hjalmar Ekdal
100%
Atalanta DE Isak Hien
100%
Derby County GK Jacob Zetterstrom
100%
AIK GK Kristoffer Nordfeldt
100%
Tottenham Hotspur MF Lucas Bergvall
100%
VfL Wolfsburg MF Mattias Svanberg
100%
Aston Villa DE Victor Lindelof
100%
Arsenal FW Viktor Gyokeres
100%
Stoke City GK Viktor Johansson
100%
Brighton & Hove Albion MF Yasin Ayari
100%
Union Saint-Gilloise MF Besfort Zeneli
50%
Mjällby AIF MF Elliot Stroud
50%
St. Pauli DE Eric Smith
50%
Braga GK Gustaf Lagerbielke
50%
Udinese Calcio MF Jesper Karlstrom
50%
Pafos MF Ken Sema
50%
Malmö FF FW Taha Ali
50%
Holstein Kiel FW Alexander Bernhardsson
0%
Club Brugge FW Gustaf Nilsson
0%
No matching quizzes found
Score Distribution
Percent of People with Each Score
Percentile by Number Answered
Your Score History
You have not taken this quiz